|
|
|
|
| LEADER |
00835nab#a2200325#ar4500 |
| 001 |
000126521 |
| 003 |
SVKKK |
| 005 |
20190507111942.0 |
| 008 |
190507c2018 xo |||||||||||||||b|slo |
| FMT |
|
|
|
| 015 |
|
|
|a SNBRB2019/05
|
| 038 |
|
|
|a SVKKK
|
| 040 |
|
|
|a SVKKK
|b slo
|e AACR2
|
| 041 |
0 |
|
|a slo
|
| 044 |
|
|
|a xo
|c SK
|
| 080 |
|
|
|a 929 Martinský, Ladislav
|2 2011
|
| 080 |
|
|
|a 55-051
|2 2011
|
| 100 |
1 |
|
|a Nagy, Alexander
|4 aut
|
| 245 |
1 |
0 |
|a RNDr. Ladislav Martinský šesťdesiatročný
|c Alexander Nagy
|
| 300 |
|
|
|b Fotogr.
|
| 600 |
1 |
4 |
|a Martinský, Ladislav
|d 1958-
|x geológ
|
| 773 |
0 |
|
|t Geologické práce, Správy 131
|g (2018), s. 86-87
|x 0433-4795
|
| 958 |
|
|
|a BX
|
| 974 |
|
|
|a Va
|
| 992 |
|
|
|a RBX
|
| BAS |
|
|
|
| 852 |
|
|
|a SVKKK
|b BIB
|
| 856 |
4 |
1 |
|a https://www.geology.sk/geologicke-prace-spravy/
|
| EXP |
|
|
|
| 998 |
|
|
|a GEO
|